[Event "ENG-ch Seniors"]
[Site "Dovedale"]
[Date "2008.01.28"]
[Round "1"]
[White "Hutchinson, Norman A"]
[Black "Nicolson, James R"]
[Result "1-0"]
[WhiteElo "2069"]
[BlackElo "1964"]
[PlyCount "55"]
[EventDate "2008.01.28"]
[EventType "swiss"]
[EventRounds "5"]
[EventCountry "ENG"]
[SourceTitle "EXT 2009"]
[Source "ChessBase"]
[SourceDate "2008.11.26"]
[SourceVersion "1"]
[SourceVersionDate "2008.11.26"]
[SourceQuality "1"]

1. e4 c5 2. c3 Nf6 3. e5 Nd5 4. Nf3 Nc6 5. Bc4 Nb6 6. Bb3 d6 7. exd6 Qxd6 8. Na3 Be6 9. Nb5 Qd7 10. Bxe6 Qxe6+ 11. Qe2 Qxe2+ 12. Kxe2 Rc8 13. d3 a6 14. Na3 g6 15. Be3 Nd7 16. d4 cxd4 17. Nxd4 Bg7 18. Rad1 Nf6 19. f3 0-0 20. Nxc6 Rxc6 21. Rd3 Rfc8 22. Rhd1 Ne8 23. Rd7 R8c7 24. Nc2 Rxd7 25. Rxd7 Rc7 26. Rd8 Kf8 27. Bb6 Rc4 28. Kd3 1-0

[Event "Monarch Assurance U175 15th"]
[Site "Port Erin"]
[Date "2006.10.01"]
[Round "7"]
[White "Nicolson, James R"]
[Black "Smith, Paul S"]
[Result "0-1"]
[WhiteElo "1656"]
[BlackElo "1640"]
[PlyCount "110"]
[EventDate "2006.09.25"]
[EventType "swiss"]
[EventRounds "7"]
[EventCountry "IOM"]
[SourceTitle "EXT 2008"]
[Source "ChessBase"]
[SourceDate "2007.11.25"]
[SourceVersion "1"]
[SourceVersionDate "2007.11.25"]
[SourceQuality "1"]

1. c4 Nf6 2. g3 e6 3. Bg2 d5 4. Nf3 c6 5. b3 Nbd7 6. 0-0 Bd6 7. d4 e5 8. dxe5 Nxe5 9. Bf4 Nxf3+ 10. Bxf3 Bxf4 11. gxf4 Bh3 12. Re1 dxc4 13. Qxd8+ Rxd8 14. bxc4 Rd4 15. Na3 Rxf4 16. Rab1 Bc8 17. Kg2 Rd4 18. Red1 Rxd1 19. Rxd1 Ke7 20. Rb1 Rd8 21. Rb2 Nd7 22. Nc2 Ne5 23. Ne3 b6 24. Be4 Be6 25. f4 Nxc4 26. Nxc4 Bxc4 27. Bxc6 Bd5+ 28. Bxd5 Rxd5 29. Kf3 Ra5 30. e4 b5 31. h4 h5 32. f5 f6 33. Rb3 a6 34. a3 Ra4 35. Rd3 a5 36. Kf4 b4 37. axb4 Rxb4 38. Rd5 Ra4 39. Rb5 Ra1 40. Rb7+ Kf8 41. Ra7 a4 42. Kg3 a3 43. Kg2 a2 44. Kh2 Ke8 45. Kg2 Kd8 46. Kh2 Kc8 47. Kg2 Kb8 48. Ra4 Kb7 49. Kh2 Kb6 50. Kg2 Kb5 51. Ra8 Kc4 52. Kh2 Kd4 53. Ra4+ Ke5 54. Kg2 Kf4 55. Kh2 Kf3 0-1

[Event "Monarch Assurance U175 15th"]
[Site "Port Erin"]
[Date "2006.09.30"]
[Round "6"]
[White "Foster, Stephen"]
[Black "Nicolson, James R"]
[Result "1/2-1/2"]
[WhiteElo "1648"]
[BlackElo "1656"]
[PlyCount "48"]
[EventDate "2006.09.25"]
[EventType "swiss"]
[EventRounds "7"]
[EventCountry "IOM"]
[SourceTitle "EXT 2008"]
[Source "ChessBase"]
[SourceDate "2007.11.25"]
[SourceVersion "1"]
[SourceVersionDate "2007.11.25"]
[SourceQuality "1"]

1. Nf3 c5 2. e4 Nf6 3. d3 d5 4. Nbd2 Nc6 5. g3 g6 6. Bg2 Bg7 7. 0-0 e5 8. a3 0-0 9. Re1 d4 10. Nf1 h6 11. Bd2 Be6 12. h4 Qd7 13. N1h2 b5 14. Rf1 Bh3 15. Ne1 Bxg2 16. Nxg2 Ne8 17. h5 g5 18. f4 gxf4 19. gxf4 f5 20. exf5 Rxf5 21. Nh4 Rf7 22. Qf3 exf4 23. Rae1 Nd6 24. Qd5 Re8 1/2-1/2

[Event "Monarch Assurance U175 15th"]
[Site "Port Erin"]
[Date "2006.09.27"]
[Round "3"]
[White "Kearsley, Raymond J"]
[Black "Nicolson, James R"]
[Result "1/2-1/2"]
[WhiteElo "1640"]
[BlackElo "1656"]
[PlyCount "38"]
[EventDate "2006.09.25"]
[EventType "swiss"]
[EventRounds "7"]
[EventCountry "IOM"]
[SourceTitle "EXT 2008"]
[Source "ChessBase"]
[SourceDate "2007.11.25"]
[SourceVersion "1"]
[SourceVersionDate "2007.11.25"]
[SourceQuality "1"]

1. e4 c5 2. Nc3 Nc6 3. g3 g6 4. Bg2 Bg7 5. d3 d6 6. Be3 e5 7. Nge2 Nge7 8. Qd2 Nd4 9. 0-0 Bh3 10. Nd5 Bxg2 11. Kxg2 Nxd5 12. exd5 Nxe2 13. Qxe2 0-0 14. c4 f5 15. f4 Qd7 16. fxe5 Bxe5 17. Qd2 Rae8 18. Bh6 Bg7 19. Bxg7 Kxg7 1/2-1/2

[Event "Monarch Assurance U175 15th"]
[Site "Port Erin"]
[Date "2006.09.25"]
[Round "1"]
[White "Twitchell, David J"]
[Black "Nicolson, James R"]
[Result "1-0"]
[WhiteElo "1640"]
[BlackElo "1656"]
[PlyCount "55"]
[EventDate "2006.09.25"]
[EventType "swiss"]
[EventRounds "7"]
[EventCountry "IOM"]
[SourceTitle "EXT 2008"]
[Source "ChessBase"]
[SourceDate "2007.11.25"]
[SourceVersion "1"]
[SourceVersionDate "2007.11.25"]
[SourceQuality "1"]

1. e4 c5 2. d4 cxd4 3. c3 Nf6 4. e5 Nd5 5. Qxd4 e6 6. Bc4 Nc6 7. Qe4 d6 8. exd6 Qxd6 9. Nf3 Be7 10. 0-0 Nf6 11. Qe2 0-0 12. Rd1 Qc7 13. a4 Rd8 14. Rxd8+ Nxd8 15. Bg5 Bd7 16. Nbd2 Nc6 17. Bb3 Rd8 18. Nc4 Na5 19. Nxa5 Qxa5 20. Ne5 Bc8 21. Re1 Nd5 22. Bxe7 Nxe7 23. Nxf7 Kxf7 24. Bxe6+ Kg6 25. Bxc8 Nxc8 26. Qe6+ Kg5 27. Re5+ Kh4 28. Qh3# 1-0

[Event "GBR-ch Seniors"]
[Site "Douglas"]
[Date "2005.08.07"]
[Round "2"]
[White "Smith, Ivor BN"]
[Black "Nicolson, James R"]
[Result "1/2-1/2"]
[WhiteElo "2133"]
[BlackElo "1937"]
[PlyCount "43"]
[EventDate "2005.08.06"]
[EventType "swiss"]
[EventRounds "7"]
[EventCountry "ENG"]
[SourceTitle "EXT 2007"]
[Source "ChessBase"]
[SourceDate "2006.11.23"]
[SourceVersion "1"]
[SourceVersionDate "2006.11.23"]
[SourceQuality "1"]

1. e4 c5 2. d4 cxd4 3. c3 Nf6 4. e5 Nd5 5. Qxd4 e6 6. Bc4 Nc6 7. Qe4 Nb6 8. Bb3 d5 9. exd6 Bxd6 10. Nf3 Qe7 11. 0-0 Bd7 12. Re1 0-0-0 13. Na3 h6 14. Nb5 Bb8 15. a4 Na5 16. Bc2 Bc6 17. Qe2 Bd5 18. Nbd4 g5 19. b4 Nac4 20. a5 Na8 21. Be4 Qc7 22. Nb5 1/2-1/2

[Event "GBR-ch Seniors"]
[Site "Douglas"]
[Date "2005.08.06"]
[Round "1"]
[White "Nicolson, James R"]
[Black "Anderton, David William"]
[Result "1/2-1/2"]
[WhiteElo "1937"]
[BlackElo "2251"]
[PlyCount "59"]
[EventDate "2005.08.06"]
[EventType "swiss"]
[EventRounds "7"]
[EventCountry "ENG"]
[SourceTitle "EXT 2007"]
[Source "ChessBase"]
[SourceDate "2006.11.23"]
[SourceVersion "1"]
[SourceVersionDate "2006.11.23"]
[SourceQuality "1"]

1. c4 f5 2. g3 Nf6 3. Bg2 g6 4. Nc3 Bg7 5. d3 d6 6. e4 Nc6 7. Nge2 0-0 8. 0-0 e5 9. f4 Be6 10. Nd5 Qd7 11. Nxf6+ Bxf6 12. Be3 Rae8 13. Qd2 Bg7 14. Rae1 fxe4 15. Bxe4 Bh3 16. Bg2 Bxg2 17. Kxg2 Nd4 18. Nxd4 exd4 19. Bf2 c5 20. Rxe8 Rxe8 21. Re1 Qc6+ 22. Kg1 b6 23. Rxe8+ Qxe8 24. b3 Qe6 25. Qe1 Kf7 26. Qxe6+ Kxe6 27. Kg2 d5 28. Kf3 dxc4 29. bxc4 h5 30. Ke4 1/2-1/2

[Event "GBR-ch Seniors"]
[Site "Edinburgh"]
[Date "2003.08.01"]
[Round "7"]
[White "Flockhart, Hugh"]
[Black "Nicolson, James R"]
[Result "1/2-1/2"]
[WhiteElo "1776"]
[BlackElo "1688"]
[PlyCount "28"]
[EventDate "2003.07.26"]
[EventType "swiss"]
[EventRounds "7"]
[EventCountry "SCO"]
[SourceTitle "EXT 2007"]
[Source "ChessBase"]
[SourceDate "2006.11.23"]
[SourceVersion "1"]
[SourceVersionDate "2006.11.23"]
[SourceQuality "1"]

1. e4 c5 2. Nf3 Nf6 3. Bd3 c4 4. Bxc4 Nxe4 5. Nc3 Nxc3 6. bxc3 d5 7. Bb3 Nc6 8. d4 g6 9. h3 Bg7 10. Bf4 0-0 11. 0-0 h6 12. Qd2 Kh7 13. a4 a5 14. c4 dxc4 1/2-1/2

[Event "GBR-ch Seniors"]
[Site "Edinburgh"]
[Date "2003.07.30"]
[Round "5"]
[White "Nicolson, James R"]
[Black "Levens, David G"]
[Result "0-1"]
[WhiteElo "1688"]
[BlackElo "1840"]
[PlyCount "126"]
[EventDate "2003.07.26"]
[EventType "swiss"]
[EventRounds "7"]
[EventCountry "SCO"]
[SourceTitle "EXT 2007"]
[Source "ChessBase"]
[SourceDate "2006.11.23"]
[SourceVersion "1"]
[SourceVersionDate "2006.11.23"]
[SourceQuality "1"]

1. c4 c5 2. Nc3 Nf6 3. g3 e6 4. Bg2 d5 5. e3 d4 6. Ne4 Be7 7. d3 Nxe4 8. Bxe4 Nd7 9. Ne2 Nf6 10. Bg2 0-0 11. b4 dxe3 12. fxe3 cxb4 13. d4 Qc7 14. Qb3 a5 15. a4 Bd7 16. 0-0 Rac8 17. c5 Bc6 18. Nf4 Bxg2 19. Kxg2 b6 20. cxb6 Qb7+ 21. Kg1 Rc6 22. Qd1 Rfc8 23. Bd2 Rc2 24. Rc1 Rxc1 25. Bxc1 Qxb6 26. Qf3 Qc6 27. Qxc6 Rxc6 28. Nd3 Bd6 29. Kg2 Ne4 30. Kf3 Nc3 31. Bd2 f6 32. Rc1 Rc4 33. Bxc3 bxc3 34. Ke2 Rxa4 35. Rxc3 Ra2+ 36. Kf3 Kf7 37. h4 Ra3 38. Rc6 Ke7 39. Nc5 f5 40. Ra6 Bxc5 41. dxc5 e5 42. Ra7+ Kf6 43. Ra6+ Kf7 44. c6 e4+ 45. Kf4 g6 46. Ra7+ Kf6 47. Rxh7 Rc3 48. Ra7 Rc2 49. g4 Rf2+ 50. Kg3 Rf3+ 51. Kg2 Rxe3 52. g5+ Ke6 53. Rxa5 Rc3 54. Ra6 f4 55. c7+ Kf5 56. Rf6+ Kg4 57. Rxg6 Rc2+ 58. Kf1 Kf3 59. Ke1 e3 60. Rd6 Rc1+ 61. Rd1 Rxc7 62. g6 Rc2 63. g7 Rg2 0-1

[Event "GBR-ch Seniors"]
[Site "Torquay"]
[Date "2002.08.05"]
[Round "3"]
[White "Nicolson, James R"]
[Black "Pinkerton, Arthur"]
[Result "1/2-1/2"]
[WhiteElo "1656"]
[BlackElo "1768"]
[PlyCount "26"]
[EventDate "2002.08.03"]
[EventType "swiss"]
[EventRounds "7"]
[EventCountry "ENG"]
[SourceTitle "EXT 2007"]
[Source "ChessBase"]
[SourceDate "2006.11.23"]
[SourceVersion "1"]
[SourceVersionDate "2006.11.23"]
[SourceQuality "1"]

1. c4 Nf6 2. g3 g6 3. Bg2 Bg7 4. Nc3 d6 5. e4 c5 6. Nge2 Nc6 7. 0-0 0-0 8. d3 a6 9. h3 e5 10. Be3 Ne8 11. Qd2 Nd4 12. f4 f5 13. fxe5 dxe5 1/2-1/2